000 00538cam a2200157 4500500
005 20251012032514.0
041 _afre
042 _adc
100 1 0 _aRaulin, Anne
_eauthor
700 1 0 _a Lévi, Florence
_eauthor
245 0 0 _aVéronique Robert avec Lucette Destouches, Céline secret, Paris, Grasset & Fasquelle, 2001, 168 p.
260 _c2002.
500 _a64
786 0 _nSigila | 10 | 2 | 2002-12-20 | p. 240-241 | 1286-1715
856 4 1 _uhttps://shs.cairn.info/revue-sigila-2002-2-page-240?lang=fr&redirect-ssocas=7080
999 _c1547496
_d1547496